Účtovné a daňové aspekty zlúčenia, splynutia a rozdelenia účtovných jednotiek

Výrazné zmeny (od 1.1.2010) v účtovnej a daňovej legislatíve v oblasti zlúčenia, splynutia a rozdelenia účtovných jednotiek. Zanikajúca účtovná jednotka. Nástupnícka účtovná jednotka.

Uložené v:
Podrobná bibliografia
Hlavný autor: Šlosárová, Anna
Médium: Kapitola
Jazyk:Slovak
Predmet:
Tagy: Pridať tag
Žiadne tagy, Buďte prvý, kto otaguje tento záznam!

MARC

LEADER 00000naa$a2200000$$$4500
001 0116421
005 20240502072310.3
041 0 |a slo 
044 |a SK 
245 1 0 |a Účtovné a daňové aspekty zlúčenia, splynutia a rozdelenia účtovných jednotiek  |c Anna Šlosárová 
520 |a Výrazné zmeny (od 1.1.2010) v účtovnej a daňovej legislatíve v oblasti zlúčenia, splynutia a rozdelenia účtovných jednotiek. Zanikajúca účtovná jednotka. Nástupnícka účtovná jednotka. 
610 2 0 |a jednotka účtovná 
610 2 0 |a účtovníctvo 
610 2 0 |a dane 
610 2 0 |a legislatíva 
100 1 |a Šlosárová, Anna